000 00369nam a2200145 i 4500
001 bg
100 1 _aKONOVALOV, E. G.
245 0 _aOsnovy elektro-ferromagnitnoj obrabotki /
_cE.G. Konovalov, F.J. Sakulevic.
260 _aMinsk,
_c1974.
700 1 _aSAKULEVIC, F. J.
040 _cBPK
041 _apol
942 _cKS
008 s pl f |000 0 pol
999 _c26254
_d26254
856 _uhttp://koha.tu.koszalin.pl/cgi-bin/koha/opac-detail.pl?biblionumber=26254
_yKatalog online BPK